Score 0/12 Timer 04:00
8 Plays Today
% Correct
The Simpsons
99.2%
Family Guy
95.6%
SpongeBob SquarePants
95.5%
South Park
95.1%
Breaking Bad
92%
Game of Thrones
85.5%
Sherlock
81.7%
American Dad!
81.4%
Doctor Who
76.9%
Futurama
73.5%
Star Trek
66%
Orange is the New Black
62.4%
Remove Ads.
Support Sporcle.
Get the best of Sporcle when you Go Orange. This ad-free experience offers more features, more stats, and more fun while also helping to support Sporcle. Thank you for becoming a member.

You're not logged in!

Compare scores with friends on all Sporcle quizzes.
OR
Log In

Show Comments

Extras

Top Quizzes Today


Score Distribution

Your Account Isn't Verified!

In order to create a playlist on Sporcle, you need to verify the email address you used during registration. Go to your Sporcle Settings to finish the process.

Report this User

Report this user for behavior that violates our Community Guidelines.

Details: